| 000 | 02301nam a2200589 4500 | ||
|---|---|---|---|
| 001 | 21739 | ||
| 003 | VRT | ||
| 005 | 20260309111913.0 | ||
| 008 | 200104s2018 xo a b 000 p slo | ||
| 015 | _aSNBA2018/07 | ||
| 020 |
_a9788089429660 _q(viazané) |
||
| 035 | _aurn:nbn:sk:snk-am00d45a | ||
| 035 | _aurn:nbn:sk:snk-am3hl2f | ||
| 035 | _a42DAA933-62C6-4D48-A2F8-F3A9EC91C3EA | ||
| 039 | 9 |
_a202108162358 _bAUTHORITY _c202001041307 _dVLOAD _c201904150840 _dAUTHORITY _c201808081122 _dmbin01 |
|
| 040 |
_aPOKPOH _bslo _dSNK _erda |
||
| 041 | 0 | _aslo | |
| 044 |
_axo _cSK |
||
| 072 | 7 |
_a821.162.4-1 _xSlovenská poézia _2konspekt |
|
| 072 | 7 |
_a821-93 _xLiteratúra pre deti a mládež (beletria) _2konspekt |
|
| 080 |
_a82-94 _22011 |
||
| 080 |
_a82-1-053.2 _22011 |
||
| 080 |
_a82-93-053.2 _22011 |
||
| 100 | 1 |
_aTuran, Ján, _d1932-2021 _4aut |
|
| 245 | 1 | 0 |
_aZo zlatého krčiažteka _cJán Turan ; ilustroval Martin Kellenberger |
| 250 | _aPrvé vydanie | ||
| 264 | 1 |
_aBratislava _bDAXE _c2018 |
|
| 300 |
_a61 strán _bfarebné ilustrácie _c24 cm |
||
| 336 |
_atext _btxt _2rdacontent |
||
| 337 |
_abez média _bn _2rdamedia |
||
| 338 |
_azväzok _bnc _2rdacarrier |
||
| 500 | _aObsahuje biografické údaje o autoroch | ||
| 655 | 7 |
_arečňovanky _2SNKPH |
|
| 655 | 7 |
_ariekanky _2SNKPH |
|
| 655 | 7 |
_aNursery rhymes _2SNKPHeng |
|
| 655 | 7 |
_aChildren's poetry _2SNKPHeng |
|
| 655 | 7 |
_apoézia pre deti _2SNKPH |
|
| 655 | 7 |
_aChildren's literature _2SNKPHeng |
|
| 655 | 7 |
_apublikácie pre deti _2SNKPH |
|
| 700 | 1 |
_aKellenberger, Martin, _d1957- _4ill |
|
| 711 | 2 |
_aNajkrajšie a najlepšie detské knihy jari, leta, jesene a zimy na Slovensku _n(28 : _d2017 : _cBratislava, Slovensko). _eNajkrajšia detská kniha zimy 2017 |
|
| 942 |
_2ddc _cKLDE _n0 |
||
| 949 |
_6273K0632709 _asvkpoB 104541 _bsvkpo625746 |
||
| 949 |
_6270001000587800 _asvkbbB 58021 _bsvkbbm 775230 |
||
| 949 |
_62889336617 _asavukPV 25868 _bsavuk2018/1164 |
||
| 949 |
_617A1332830 _asnkSC 179992 _bsnk2018/13507 _o826/18 _s6100:20180731 |
||
| 949 |
_60174031763 _alesknPRINT _blesknBD2018/24951 |
||
| 949 |
_63870A25413 _abinNDK 2017/20 _bbin25413 |
||
| 949 |
_63870A25419 _abinIL 1411 _bbin25419 |
||
| 949 |
_617A1335599 _asnkSC 179992 D1 _bsnk2018/17751 _o826/18 |
||
| 999 |
_c21739 _d21739 |
||